• 首页
  • 本馆介绍
  • 公告通知
  • 最新文献
  • 馆藏检索
  • 电子资源
  • 读者导购
  • 参考咨询
  • 我的图书馆
  • 登录
  • 详细信息显示
  • 放入我的书架
  • 预约/预借图书
  • 作者相关作品
  • 分类相关作品
  • 丛书相关作品
  • 出版社相关作品

书目信息

  • 表格格式
  • 工作单格式
  • 卡片格式
题名:
怎样进行党性修养与党性分析
    
 
作者: 甄小英 主编
分册:  
出版信息: 北京   中共中央党校出版社  2005
页数: 32, 197页
开本: 21cm
丛书名:
单 册:
中图分类: D261.42
科图分类:
主题词: 中国共产党
电子资源:
ISBN: 7-5035-3307-2
000 00880nam0 2200241 450
001 0635311005
005 20061031095508.46
010    @a7-5035-3307-2@dCNY15.00
099    @aCAL 012006054427
100    @a20060519d2005 em y0chiy0121 ea
101 0  @achi
102    @aCN@b110000
105    @ay z 000yy
200 1  @a怎样进行党性修养与党性分析@Azen yang jin xing dang xing xiu yang yu dang xing fen xi@f主编甄小英
210    @a北京@c中共中央党校出版社@d2005
215    @a32, 197页@d21cm
330    @a本书介绍了党的先进性建设是执政党建设的根本任务、党的先进性建设的时代要求、开展保持共产党先进性教育活动是加强党的先进性建设的重要举措等内容。
601 02 @a中国共产党@Azhong guo gong chan dang@x党员@x修养@j学习参考资料
606 0  @a中国共产党
690    @aD261.42@v4
701  0 @a甄小英@Azhen xiao ying@4主编
801  0 @aCN@bHBQC@c20061031
905    @a10447@dD261.42@e126
    
    怎样进行党性修养与党性分析/主编甄小英.-北京:中共中央党校出版社,2005
    32, 197页;21cm
    
    
    ISBN 7-5035-3307-2:CNY15.00
    本书介绍了党的先进性建设是执政党建设的根本任务、党的先进性建设的时代要求、开展保持共产党先进性教育活动是加强党的先进性建设的重要举措等内容。
●
相关链接 在E读中查询图书 在五车中查询图书 在当当中查询图书 在豆瓣中查询图书


正题名:怎样进行党性修养与党性分析     索取号:D261.42/126         预约/预借

序号 登录号 条形码 馆藏地/架位号 状态 备注
1 0386698   203866986   第一样本阅览室/ [索取号:D261.42/126] 在馆    
2 0386699   203866995   第一借阅区/ [索取号:D261.42/126] 在馆    
3 0386700   203867002   第一借阅区/ [索取号:D261.42/126] 在馆    
4 0386701   203867011   第一借阅区/ [索取号:D261.42/126] 在馆    
5 0386702   203867020   第一借阅区/ [索取号:D261.42/126] 在馆    
唐山师范学院图书馆 欢迎您!
大连网信软件有限公司© 版权所有